A TEXT BOOK OF PATHOPHYSIOLOGY (Record no. 19152)

MARC details
000 -LEADER
fixed length control field 00344nam a22001577a 4500
003 - CONTROL NUMBER IDENTIFIER
control field SGT
020 ## - INTERNATIONAL STANDARD BOOK NUMBER
International Standard Book Number 978-81-7060-334-8
082 ## - DEWEY DECIMAL CLASSIFICATION NUMBER
Classification number 616.07
Item number P18I
100 ## - MAIN ENTRY--PERSONAL NAME
Personal name INGAWALE,DEEPA.K.
245 ## - TITLE STATEMENT
Title A TEXT BOOK OF PATHOPHYSIOLOGY
250 ## - EDITION STATEMENT
Edition statement 1ST
260 ## - PUBLICATION, DISTRIBUTION, ETC. (IMPRINT)
Place of publication, distribution, etc PUNE
Name of publisher, distributor, etc EVEREST
Year of Publication 2018
300 ## - PAGE DESCRIPTION
No. of Pages 332
650 ## - SUBJECT ADDED ENTRY--TOPICAL TERM
Topical term or geographic name as entry element PHARMACY
942 ## - ADDED ENTRY ELEMENTS (KOHA)
Source of classification or shelving scheme Dewey Decimal Classification
Koha item type Books
942 ## - ADDED ENTRY ELEMENTS (KOHA)
-- 41
Holdings
Withdrawn status Lost status Source of classification or shelving scheme Damaged status Not for loan Collection code Home library Current library Shelving location Date acquired Vendor Name Cost, normal purchase price SGTU Bill Number Total Checkouts Full call number Accession No. (Barcode) Date last seen Date last borrowed Bill Date Koha item type
    Dewey Decimal Classification     PHARMACY SGT FA-FP Library SGT FA-FP Library Text Book 18/09/2019 AHUJA PUB 363.00 SGTU 11356 16 616.07 P18I FP3501 19/05/2026 27/04/2026 12/09/2019 Books
    Dewey Decimal Classification     PHARMACY SGT FA-FP Library SGT FA-FP Library Text Book 18/09/2019 AHUJA PUB 363.00 SGTU 11356 18 616.07 P18I FP3502 27/04/2026 27/04/2026 12/09/2019 Books
    Dewey Decimal Classification     PHARMACY SGT FA-FP Library SGT FA-FP Library Text Book 18/09/2019 AHUJA PUB 363.00 SGTU 11356 11 616.07 P18I FP3503 01/04/2024 27/03/2024 12/09/2019 Books
    Dewey Decimal Classification     PHARMACY SGT FA-FP Library SGT FA-FP Library Text Book 18/09/2019 AHUJA PUB 363.00 SGTU 11356 17 616.07 P18I FP3504 10/04/2026 31/03/2026 12/09/2019 Books
    Dewey Decimal Classification     PHARMACY SGT FA-FP Library SGT FA-FP Library Text Book 18/09/2019 AHUJA PUB 363.00 SGTU 11356 14 616.07 P18I FP3505 06/04/2026 25/03/2026 12/09/2019 Books